III. Özürlüler şurası bakım hizmetleri : (Record no. 31345)
| 000 -BAŞLIK | |
|---|---|
| Sabit Uzunluktaki Kontrol Alanı | 01212nam a22003377a 4500 |
| 001 - KONTROL NUMARASI | |
| Control Dosyası | 0031433 |
| 003 - KONTROL NUMARASI KİMLİĞİ | |
| Kontrol Alanı | KOHA_MİRAKIL |
| 005 - EN SON İŞLEM TARİHİ ve ZAMANI | |
| Kontrol Alanı | 20260207002801.0 |
| 007 - FİZİKSEL TANIM SABİT ALAN - GENEL BİLGİ | |
| Sabit uzunluklu kontrol alanı | ta |
| 008 - SABİT UZUNLUKTAKİ VERİ ÖGELERİ - GENEL BİLGİ | |
| Sabit Alan | 120214b2007 tu a|||gr||||#0|||0|tur | |
| 020 ## - ISBN - ULUSLARARASI STANDART KİTAP NUMARASI | |
| Isbn | 9789751941794 |
| 040 ## - KATALOGLAMA KAYNAĞI | |
| Özgün Kataloglama Kurumu | TR-BiSEU |
| Kataloglama Dili | tur |
| Çeviri Kurumu | TR-BiSEU |
| Açıklama Kuralları | rda |
| 041 0# - DİL KODU | |
| Metin ya da ses kaydının dil kodu | tur |
| 044 ## - YAYINLAYAN/ÜRETEN KURULUŞUN ÜLKE KODU | |
| ISO country code | tu |
| 050 ## - SINIFLAMA ve YER NUMARASI | |
| Sınıflama Numarası | HV1568.25.T8 |
| Yer Numarası | O98 2007 |
| 111 2# - TOPLANTI ADI | |
| Toplantı Adı | Özürlüler Şurası (3rd : 2007 : İstanbul) |
| 9 (RLIN) | 61972 |
| 245 1# - ESER ADI BİLDİRİMİ | |
| Başlık | III. Özürlüler şurası bakım hizmetleri : |
| Alt Eseradı vb. | komisyon raporları ve genel kurul görüşmeleri, 19-23 Kasım 2007. |
| 264 #1 - ÜRERİM, YAYIN, DAĞITIM ve TELİF BİLDİRİMİ | |
| Yayın yeri | İstanbul : |
| Yayınlayan | T.C. Başbakanlık Özürlüler İdaresi Başkanlığı |
| Yayın tarihi | 2007 |
| 300 ## - FİZİKSEL TANIMLAMA | |
| Sayfa, Cilt vb. | 306 sayfa : |
| Diğer fiziki detaylar | resimli, tablo; 24 cm. |
| 336 ## - İÇERİK TÜRÜ | |
| Content type term | metin |
| Content type code | txt |
| Source | rdacontent |
| 337 ## - MEDYA TÜRÜ | |
| Media type term | aracısız |
| Media type code | n |
| Source | rdamedia |
| 338 ## - TAŞIYICI TÜRÜ | |
| Carrier type term | cilt |
| Carrier type code | nc |
| Source | rdacarrier |
| 490 1# - DİZİ BİLDİRİMİ | |
| Dizi Bildirimi | T.C. |
| 490 1# - DİZİ BİLDİRİMİ | |
| Dizi Bildirimi | Başbakanlık Özürlüler İdaresi Başkanlığı ; |
| Cilt Numarası | yayın no: 45 |
| 650 #0 - KONU BAŞLIĞI EK GİRİŞ - KONU TERİMİ | |
| Konusal terim veya coğrafi ad | People with disabilities--Turkey--Congresses. |
| 9 (RLIN) | 57645 |
| 650 #0 - KONU BAŞLIĞI EK GİRİŞ - KONU TERİMİ | |
| Konusal terim veya coğrafi ad | Engelliler--Türkiye--Kongreler. |
| 9 (RLIN) | 57646 |
| 830 1# - SERİ EK GİRİŞİ - TEKBİÇİM ESER ADI | |
| Tekbiçim Başlık | T.C. |
| 9 (RLIN) | 31809 |
| 830 1# - SERİ EK GİRİŞİ - TEKBİÇİM ESER ADI | |
| Tekbiçim Başlık | Başbakanlık Özürlüler İdaresi Başkanlığı ; |
| Volume number/sequential designation | yayın no: 45 |
| 9 (RLIN) | 61973 |
| 907 ## - LOCAL DATA ELEMENT G, LDG (RLIN) | |
| a | Şura |
| 942 ## - EK GİRİŞ ÖGELERİ (KOHA) | |
| Source of classification or shelving scheme | Library of Congress Classification |
| Koha item type | Book |
| Materyal Türü | Kalıcı Konum | Mevcut Konum | Raf Yeri | Sınıflandırma Kaynağı | Edinim Bilgisi | Ana Konular | Alt Konular | Yer Numarası | Demirbaş Numarası | Fatura Tarihi | Maliyet, Alış Fiyatı | Maliyet, Yenileme Fiyatı | Geri Çekilme Durumu | Kayıp Durumu | Hasarlı Durumu | Kredi için değil | Kayıt Tarih | Toplam Ödünçverme | Son Görülme Tarihi | Son Kontrol Tarihi | Genel / Bağış Notu |
|---|---|---|---|---|---|---|---|---|---|---|---|---|---|---|---|---|---|---|---|---|---|
| Book | Prof. Dr. Azmi Özcan Kütüphanesi | Prof. Dr. Azmi Özcan Kütüphanesi | Uluğbey Salonu | Library of Congress Classification | Bağış | SOSYAL BİLİMLER | Sosyal Patoloji, Sosyal ve Kamu Refahı, Kriminoloji | HV1568.25.T8 O98 2007 | 0031433 | 02/02/2026 | 15.00 | 15.00 | 18/08/2011 | 05/12/2024 | 05/12/2024 | Genel Bağış | |||||
| Book | Prof. Dr. Azmi Özcan Kütüphanesi | Prof. Dr. Azmi Özcan Kütüphanesi | Uluğbey Salonu | Library of Congress Classification | Bağış | SOSYAL BİLİMLER | Sosyal Patoloji, Sosyal ve Kamu Refahı, Kriminoloji | HV1568.25.T8 O98 2007 | 0035452 | 02/02/2026 | 14/02/2012 | 05/12/2024 | 05/12/2024 | Genel Bağış |
